Missing Word: TV Shows Led by Women Quiz Stats

 Plays Quiz Updated Jul 26, 2019

Score 0/20 Timer 03:00
0 Plays Today
Name of TV Show Missing Word % Correct
I ____ LucyLove
99.2%
Sex and the ____City
97.7%
Pretty ____ LiarsLittle
96.5%
Desperate ____Housewives
93%
____ McBealAlly
92.8%
Wonder ____Woman
91.2%
____ BettyUgly
91%
Laverne & ____Shirley
89.2%
The Good ____Wife
86.9%
____ MarsVeronica
85.3%
Name of TV Show Missing Word % Correct
____ & LaceyCagney
85.2%
The ____ GirlsGolden
83.9%
Murphy ____Brown
83.9%
Designing ____Women
77.3%
The Flying ____Nun
75.3%
____ JackieNurse
74%
That ____Girl
72.2%
Orange Is the New ____Black
71.7%
Clarissa ____ It AllExplains
54.2%
____ EveKilling
42.3%

Today's Daily Dose

Missing Word
Banned Books (A-Z)

Word Ladder
Janis Joplin

Get the Picture
Occupations

You're not logged in!

Compare scores with friends on all Sporcle quizzes.
OR
Log In

Sporcle TV

Today on Sporcle TV


Watch our educational content, quiz creation guides, and fun videos on Sporcle TV.

Show Comments

Extras

Top Quizzes Today


Score Distribution

Your Account Isn't Verified!

In order to create a playlist on Sporcle, you need to verify the email address you used during registration. Go to your Sporcle Settings to finish the process.

Report this User

Report this user for behavior that violates our Community Guidelines.

Details: